000 00580nam a2200181 a 4500
008 110916s2000 mx a f |||| 001 0 spa d
020 _a9687157941
041 _aspa
092 _c612
_l8
_sBOW
100 1 _aBowers, Richard W.
_91618
245 _aFisiología del deporte /
_cRichards W. Bowers
250 _a3a ed. 2a reimp.
260 _aMéxico:
_bEditorial Médica Panamericana;
_c2000.
300 _a428 p.
500 _aBowers, R. (2000). Fisiología del deporte. (3a ed.). México : Editorial Médica Panamericana.
653 _aFisiologia del deporte
942 _2ddc
_cBK
999 _c1003
_d1003